00459 a2200157 4500010001400000020002600014035001300040037001500053082001200068100001900080245005500099260004500154270004800199300003300247500002100280 aENG-89744 c225.00a9788120334779 aEN-73277 bDBAD / PUB14a658.4041 aRichman, Larry1 aProject management step by step/cby Larry Richman aNew DelhibPrentice- Hall of Indiac2008 aM-97, Connaught Circus,bNew Delhie110 001 axi, 292p.:c23 cm (Hb)bill aIncludes index.